UB40 - One In Ten Lyrics - Statistics

General Stats
  • This quiz has been taken 11 times
  • The average score is 126 of 285
Answer Stats
Lyrics % Correct
I
100%
A
78%
That
78%
The
78%
In
67%
Me
67%
Number
67%
On
67%
One
67%
Ten
67%
Am
56%
Care
56%
Don’t
56%
No
56%
Of
56%
Doesn’t
44%
Exist
44%
List
44%
Nobody
44%
World
44%
Always
33%
An
33%
And
33%
But
33%
I’m
33%
Im
33%
Knows
33%
My
33%
Reminder
33%
There
33%
With
33%
Statistic
22%
Will
22%
Another
11%
Are
11%
Baby
11%
Because
11%
Businessman
11%
Even
11%
Home
11%
Hungry
11%
Lady
11%
Read
11%
Sad
11%
Suicide
11%
Teenage
11%
Though
11%
Time
11%
To
11%
Accident
0%
Aged
0%
Ally
0%
Alone
0%
Arms
0%
Beggar
0%
Birth
0%
Black
0%
Bruised
0%
Cancer
0%
Child
0%
Chronic
0%
Corner
0%
Covering
0%
Dime
0%
Disease
0%
Dole
0%
Dulls
0%
Earth
0%
Enfold
0%
Eyes
0%
Gun
0%
Hair
0%
Has
0%
Heart
0%
Hooked
0%
House
0%
Learns
0%
License
0%
Lifeless
0%
Malnutrition
0%
Middle
0%
Mother
0%
Murderer
0%
Never
0%
Old
0%
Pensioner
0%
Queue
0%
Refugee
0%
Ridden
0%
Slum
0%
Spare
0%
Spared
0%
Spectre
0%
Stare
0%
Starving
0%
Street
0%
Third
0%
Trees
0%
Underprivileged
0%
Valium
0%
Victim
0%
Wife
0%
Without
0%
No matching quizzes found
Score Distribution
Percent of People with Each Score
Percentile by Number Answered
Your Score History
You have not taken this quiz